000 00387cam a2200145ua 4500
041 _aeng
_h
082 _a690.16
_bWHI/FL
100 _aWhitring, Penelope .
245 _aFloor finishes : A guide to their selection /
_cWhitring Penelope.
_hTextual Documents
260 _aLondon :
_bE & F.N.Spon Ltd ,
_c1948.
300 _a78 ; .
504 _a
942 _cBK
999 _c1825
_d1825